00312nam a2200109Ia 4500008004100000082000800041100002200049245001500071942000600086952009500092999001500187240331s9999 xx 000 0 und d bPAd a Pathmavathy A.S. 0aPenn mozhi cL 001040708LaWERCLbWERCLcSSCd2024-03-31l0o 305 PAdp4617r2024-03-31w2024-03-31yL c1523d1523